000 00640nam a2200181 i 4500
001 23421
003 ES-MaACL
005 20250810063023.0
007 t|
008 021210s1944 sp ||||1| spa d
100 1 _aÁlvarez-Gendín, Sabino,
_d1895-1983
_920820
245 1 3 _aEl sevicio público
_b: su teoría jurídica-administrativa /
_cpor Sabino Alvarez-Gendín.
260 _aMadrid :
_bInstituto de Estudios Políticos,
_c1944 (
_fTalls. del S.C. de Jesús)
300 _a228 p. ;
_c18 cm.
710 2 _aInstituto de Estudios Políticos (Madrid)
_94924
852 _aES-MaACL
_jB-10126
_bR.21229
999 _c23421
_d23421